000 07414cam a22019214i 4500
003 PE-LiUPU
005 20250813165937.0
008 150706s2010 sp a r 000 0 spa d
020 _a8480866993
020 _a9788480866996
035 _a(Sirsi) i9788480866996
040 _aPE-LiUPU
_bspa
_cPE-LiUPU
_dPE-LiUPU
_erda
049 _aPRUA
082 0 4 _a617.9178
_bG68
_221
082 0 4 _a617.9
_bG63 2010
_221
100 1 _aGómez Brau, Antonio José,
_eautor.
245 1 0 _aManual práctico de instrumentación quirúrgica en enfermería /
_cAntonio José Gómez Brau, Isabel Serra Guillén.
264 1 _aBarcelona :
_bElsevier,
_c 2010.
300 _a359 páginas :
_bilustraciones ;
_c21 centímetros
336 _atext
_2rdacontent
337 _aunmediated
_2rdamedia
338 _avolume
_2rdacarrier
505 0 _aIntroducción -- Evolución histórica de la cirugía -- El entorno quirúrgico -- La esterilización -- Protocolos quirúrgicos por especialidad -- Protocolo de lavado de manos -- Protocolo de actuación en un quirófano de alergia al látex -- Protocolos de neurocirugía -- Protocolos de cirugía plástica y reparadora -- Protocolos de urología -- Protocolos de ginecología y obstetricia -- Protocolos de otorrinolaringología -- Protocolos de cirugía maxilofacial -- Protocolos de cirugía oftalmológica -- Protocolos de cirugía general y digestiva -- Protocolos de cirugía ortopédica y traumatología -- Protocolos de cirugía torácica -- Protocolos de cirugía vascular -- Protocolos de cirugía cardíaca -- Composición de las cajas quirúrgicas -- Detalle visual de los instrumentos -- Posicionamientos quirúrgicos -- Decúbito lateral con partición abdominal -- Decúbito lateral con partición torácica -- Decúbito lateral -- Posición decúbito prono mahometana -- Decúbito prono con trineo -- Decúbito supino con aplique apoyacabezas -- Decúbito supino con hiperextensión de cuello -- Decúbito supino con fijación craneal -- Decúbito supino con tracción de extremidades inferiores en 180 º -- Decúbito supino con extremidad inferior fijada con garra -- Decúbito supino con tracción de extremidad inferior en 90º -- Decúbito supino con extremidad superior en mesa de mano -- Decúbito supino con piernas abiertas -- Decúbito supino -- Posición de Fowler -- Fowler con hombro liberado -- Posición ginecológica o de litotomía -- Suturas quirúrgicas -- Evolución histórica -- Características de la sutura ideal -- Filamentos de sutura en función de su estructura física -- Suturas reabsorbibles y no reabsorbibles -- Hilos de sutura según el material y el uso clínico -- Agujas de sutura -- Técnicas básicas de sutura -- Suturas en los diferentes tejidos -- Prevención de riesgos laborales en quirófano -- Riesgos y seguridad en quirófano -- Riesgos ambientales -- Riesgos físicos y medidas de seguridad -- Riesgos químicos y medidas de seguridad -- Riesgos biológicos y medidas de seguridad.
526 _aP203
526 _aP200
526 _aSEG65
526 _aSEG64
526 _aSEG63
526 _aSEG62
526 _aSEG61
526 _aSEG60
526 _aSEG59
526 _aSEG58
526 _aSEG57
526 _aSEG56
526 _aSEG55
526 _aSEG54
526 _aSEG53
526 _aSEG52
526 _aSEG51
526 _aSEG50
526 _aSEG49
526 _aSEG48
526 _aSEG47
526 _aSEG46
526 _aSEG24
526 _aSEG23
526 _aSEG22
526 _aSEG21
526 _aSEG20
526 _aSEG19
526 _aSEG18
526 _aSEG17
526 _aSEG16
526 _aSEG14
526 _aSEG13
526 _aSEG12
526 _aSEG11
526 _aSEG10
526 _aSEG09
526 _aSEG06
526 _aSEG05
526 _aSEG04
526 _aSEG03
526 _aSEG02
526 _aSEG68
526 _aSEG66
526 _aSEG45
526 _aSEG25
526 _aSEG01
526 _aP163
526 _aP162
526 _aP161
526 _aP160
526 _aP159
526 _aP158
526 _aP157
526 _aP156
526 _aP155
526 _aP154
526 _aP153
526 _aP152
526 _aP151
526 _aP150
526 _aP149
526 _aP142
526 _aP141
526 _aP140
526 _aP139
526 _aP138
526 _aP137
526 _aP132
526 _aP131
526 _aP130
526 _aP126
526 _aP125
526 _aP124
526 _aP123
526 _aP115
526 _aP122
526 _aP121
526 _aP116
526 _a P114
526 _aP112
526 _aP111
526 _aP104
526 _aP103
526 _aP102
526 _aP101
526 _aP100
526 _aP96
526 _aP95
526 _aP93
526 _aP92
526 _aP91
526 _aP88
526 _aP83
526 _aP82
526 _aP79
526 _aP78
526 _aP75
526 _aP74
526 _aP71
526 _aP69
526 _a P51
526 _aP49
526 _aP48
526 _aP47
526 _aP33
526 _aP31
526 _a P30
526 _aP29
526 _aP27
526 _aP26
526 _aP25
526 _aP24
526 _a P22
526 _aP10
526 _aP09
526 _a P08
526 _aP06
526 _aP05
526 _aP04
526 _aP01
541 _g001-000094;
541 _g001-00003175;
650 0 4 _aCirugía
_xMaterial y equipo.
650 0 4 _aMedicina
_xAparatos e instrumentos.
700 1 _aSerra Guillén, Isabel,
_eautor.
910 _agl
_clch
_d20130905
910 _btqv
_caic
_d20170220
942 _2ddc
_cBOOK
949 _aPGEN 617.9178 G68
_wDEWEY
_c1
_i68355
_lCCODEBUL1
_mBUL
_p54.00
_r0
_sY
_tBOOK
_u2015-7-6
_xBIBLIOTECA
_PP69
_o.STAFF. Colección General
949 _a617.9 G63 2010
_wDEWEY
_c1
_iFJ07017
_lCCODEBUJ1
_mBUJ
_p44.81
_r0
_sY
_tBOOK
_u2017-02-20
_xSALUD
_zENFERMERÍA
_0COMPRA
_o.STAFF. Colección General Juliaca
949 _a617.9 G63 2010
_wDEWEY
_c2
_iFJ07018
_lCCODEBUJ1
_mBUJ
_p44.81
_r0
_sY
_tBOOK
_u2017-02-20
_xSALUD
_zENFERMERÍA
_0COMPRA
_o.STAFF. Colección General Juliaca
949 _a617.9 G63 2010
_wDEWEY
_c3
_iFJ07019
_lCCODEBUJ1
_mBUJ
_p44.81
_r0
_sY
_tBOOK
_u2017-02-20
_xSALUD
_zENFERMERÍA
_0COMPRA
_o.STAFF. Colección General Juliaca
994 _aC0
_bPEPRU
596 _a1 3
999 _a617.9178 G68
_wDEWEY
_c55754
_i68355
_d55754
_e2018-8-24
_f2021-11-4
_g5
_lCCODEBUL1
_mBUL
_n4
_p54.00
_q1
_r0
_sY
_tBOOK
_u2015-7-6
_xSALUD
_zP69
_0COMPRA
_o.STAFF. Colección Ciencias de la Salud
999 _a617.9 G63 2010
_wDEWEY
_c1
_iFJ07017
_d2019-3-25
_f2022-1-25
_g4
_lCCODEBUJ1
_mBUJ
_p44.81
_q2
_r0
_sY
_tBOOK
_u2017-2-20
_xSALUD
_PP22
_0COMPRA
_o.STAFF. Colección General Juliaca
999 _a617.9 G63 2010
_wDEWEY
_c2
_iFJ07018
_d2019-3-25
_e2017-10-9
_f2022-1-25
_g4
_lCCODEBUJ1
_mBUJ
_n1
_p44.81
_q4
_r0
_sY
_tBOOK
_u2017-2-20
_xSALUD
_PP22
_0COMPRA
_o.STAFF. Colección General Juliaca
999 _a617.9 G63 2010
_wDEWEY
_c3
_iFJ07019
_f2022-1-25
_g4
_lCCODEBUJ1
_mBUJ
_p44.81
_r0
_sY
_tBOOK
_u2017-2-20
_xSALUD
_PP22
_0COMPRA
_o.STAFF. Colección General Juliaca
980 _81
_gALBERTO SANCHEZ Responsable de Automatización